| 000 | 00461nam a2200145 a 4500 | ||
|---|---|---|---|
| 001 | 4539 | ||
| 003 | CDMR | ||
| 005 | 20130311113907.0 | ||
| 008 | 130130s1929||||||||||||||||||||||||||||d | ||
| 040 |
_aCDMR _bcat _cCPC LLEIDA |
||
| 110 |
_9951 _aSindicat de Periodistes Esportius |
||
| 245 | 0 | _aEstatutos del sindicat y reglamento interior de la comisión de socorros mútuos | |
| 260 |
_aBarcelona _c1929 _bSindicat de periodistes Esportius Barcelona |
||
| 942 |
_cMON _2ddc |
||
| 999 |
_c4539 _d4539 |
||